00390nam a2200145Ia 4500008004100000084001400041100002200055245006100077250002000138260001800158260000900176260001500185300000900200500003500209180424s9999 xx 000 0 und d a70.415 T2 a"Triuble, John R" 0aWriting With Style : Conversations on the Art of Writing a\\197500ENGGPSX aPrentice Hall b1975 cNew Jersey a144p aincludes index and biblioraphy